The green book of calculus / (Record no. 180253)
[ view plain ]
| 000 -LEADER | |
|---|---|
| fixed length control field | 01505 a2200181 4500 |
| 003 - CONTROL NUMBER IDENTIFIER | |
| control field | Nust |
| 005 - DATE AND TIME OF LATEST TRANSACTION | |
| control field | 20221118092011.0 |
| 040 ## - CATALOGING SOURCE | |
| Transcribing agency | Nust |
| 082 ## - DEWEY DECIMAL CLASSIFICATION NUMBER | |
| Classification number | 515,CHO |
| 100 ## - MAIN ENTRY--PERSONAL NAME | |
| Personal name | Chover, Joshua |
| 9 (RLIN) | 103004 |
| 245 ## - TITLE STATEMENT | |
| Title | The green book of calculus / |
| Statement of responsibility, etc. | Joshua Chover |
| 260 ## - PUBLICATION, DISTRIBUTION, ETC. | |
| Place of publication, distribution, etc. | Menlo Park |
| Name of publisher, distributor, etc. | W. A. Benjamin |
| Date of publication, distribution, etc. | 1972 |
| 300 ## - PHYSICAL DESCRIPTION | |
| Extent | 741 |
| 505 ## - FORMATTED CONTENTS NOTE | |
| Formatted contents note | Chapter 1:- Several examples (Page-1), Chapter 2:- Function (Page-7), Chapter 3:- A Particular kid of faction (Page-20), Chapter 4:- Some geometry and algebraic ideas (Page-43), Chapter 5:- Combining functions and graphs (Page-86), Chapter 6:- Inductions and several applications (Page-86), Chapter 7:- Intuitive derivatives (Page-126), Chapter 8:- Convergence to zero (Page-148), Chapter 9:- Limits and sequences (Page-176), Chapter 10:- Are there holes between real numbers (Page-200),Chapter 11:- Limits of functionary and derivative (Page-223). Chapter:- 12 Maxima of continuous functions (Page-258), Chapter 13:- More Features of continuity (Page-258), Chapter 14:- Properties of derivatives (Page-321), Chapter 15:- The man value theorem and applications (Page-366), Chapter 16:- Differential equations and trg functions (Page-418), Chapter 17:- Area (Page-464), Chapter 18:- The define integral (Page-503), Chapter 19:- Integration Techniques (Page-566), Chapter 20:- More Probability (Page-599), Chapter 21:- Function with two Inputs (Page-671). |
| 600 ## - SUBJECT ADDED ENTRY--PERSONAL NAME | |
| Personal name | Chover, Joshua |
| 9 (RLIN) | 103004 |
| 650 ## - SUBJECT ADDED ENTRY--TOPICAL TERM | |
| Topical term or geographic name entry element | The green book |
| 9 (RLIN) | 103005 |
| 942 ## - ADDED ENTRY ELEMENTS (KOHA) | |
| Source of classification or shelving scheme | |
| Koha item type | Book |
| Call number prefix | 515,CHO |
| Withdrawn status | Lost status | Source of classification or shelving scheme | Damaged status | Not for loan | Permanent Location | Current Location | Shelving location | Date acquired | Full call number | Barcode | Date last seen | Price effective from | Koha item type | Public note |
|---|---|---|---|---|---|---|---|---|---|---|---|---|---|---|
| Military College of Signals (MCS) | Military College of Signals (MCS) | General Stacks | 12/12/2016 | 515,CHO | MCS20869 | 12/08/2016 | 12/12/2016 | Book | Almirah No.11, Shelf No.6 |
